| 000 | 00588nam a22001457a 4500 | ||
|---|---|---|---|
| 020 | _a978-93-5440-560-0 | ||
| 082 |
_a100 _bPRA/K |
||
| 100 | _aPRANAY | ||
| 245 |
_aKABIR THE GREAT MYSTIC _bGREATEST SPIRITUAL WISDOM |
||
| 260 |
_aNEW DELHI _bFINGER PRINT _c2022 |
||
| 300 | _a135 | ||
| 520 | _aKabir (1398–1518) was a well-known Indian mystic poet and saint. His writings influenced Hinduism's Bhakti movement, and his verses are found in Sikhism's scripture Guru Granth Sahib, the Satguru Granth Sahib of Saint Garib Das, and Kabir Sagar of Dharamdas. | ||
| 650 | _aSTORY | ||
| 942 | _cBK | ||
| 999 |
_c6906 _d6906 |
||